| 000 | 01363nam0a2200361 4500 | ||
|---|---|---|---|
| 001 | RU\NLR\BIBL_A\022512364 | ||
| 005 | 20250702165555.0 | ||
| 010 |
_a978-5-6051127-5-4 _972 |
||
| 021 |
_aRU _bКН-П-25-007261 _9КН-П-25-0715 |
||
| 035 | _a(NLR Aleph) 022512364 | ||
| 090 |
_a13446484 _c13446484 |
||
| 100 | _a20250404d2023 u y0rusy50 ca | ||
| 101 | 0 | _arus | |
| 102 | _aRU | ||
| 105 | _aa|||z|||000yy | ||
| 181 | 0 |
_ai _bxxxe |
|
| 182 | 0 | _an | |
| 200 | 1 |
_aФизика Вечной Жизни _fС. В. Симаков |
|
| 203 |
_aТекст _bвизуальный _cнепосредственный |
||
| 210 |
_aМосква _cКим Л. А. _d2023 |
||
| 215 |
_a463 с. _cил. _d25 |
||
| 300 | _aНа корешке: 5 | ||
| 606 | 1 |
_aЭзотерические учения _91568890 _3RU\NLR\AUTH\66986948 |
|
| 606 | 1 |
_aАстрология _91178522 _3RU\NLR\AUTH\66156241 |
|
| 606 | 1 |
_aПсихоэнергетика _92099156 _3RU\NLR\AUTH\661269768 |
|
| 686 | 1 | _aЭ391,0 | |
| 686 | 1 | _aЭ391.211 | |
| 686 | 1 | _aЮ969 | |
| 700 | 1 |
_7ca _8rus _aСимаков _bС. В. _cхудожник, эзотерик _f1955- _gСергей Васильевич _92653607 _3RU\NLR\AUTH\770281640 |
|
| 942 | _cBOOK | ||
| 980 | _aNB | ||